Score 0/15 Timer 02:00
8 Plays Today
% Correct
Son of
James
96.2%
Son of
Lucius
96.1%
Brother of
Albus
95.8%
Brother of
Fred
94.8%
Daughter of
Molly
94.4%
Sister of
Padma
94.3%
Father of
Charlie
93.7%
Sister of
Lily
93.6%
% Correct
Half-brother
of Grawp
92.9%
Sister of
Bellatrix
90.7%
Daughter of
Xenophilius
89.7%
Daughter of
Andromeda
89.1%
Son of
Frank
86.9%
Nephew of
Marge
82%
Son of
Merope
81.1%
Remove Ads.
Support Sporcle.
Get the best of Sporcle when you Go Orange. This ad-free experience offers more features, more stats, and more fun while also helping to support Sporcle. Thank you for becoming a member.

You're not logged in!

Compare scores with friends on all Sporcle quizzes.
OR
Log In

Show Comments

Extras

Top Quizzes Today


Score Distribution

Your Account Isn't Verified!

In order to create a playlist on Sporcle, you need to verify the email address you used during registration. Go to your Sporcle Settings to finish the process.

Report this User

Report this user for behavior that violates our Community Guidelines.

Details: